Guingamp — Choix Multiples - Statistiques

Statistiques générales
  • Ce quiz a été pris 72 fois
  • Le résultat moyen est 7 sur 10
Statistiques - réponses
Question Réponse % Correct
Championnat actuel de l'En Avant Guingamp. Ligue 2
92%
Nom de Guingamp en Breton. Gwengamp
87%
Quelle affirmition est vrai sur le Stade de Roudourou ? Il y a plus de siège dans le stade que d'habitant dans Guingamp
87%
Lauqel de ces images n'a pas été prise à Guingamp
74%
Rivière qui traverse Guingamp Trieux
73%
Ancien pays breton (Bro) auquel appartient Guingamp Trégor
68%
Quel commune qui ne fais partie de l'agglomération de Guingamp Cavan
66%
Marque de gâteau, ayant une usine à Guingamp le long de la RN12 St Michel
53%
Révolte sous Louis XIV, démarrer en 1675. Contestant sur la taxation de ce type de papier, important à l'époque. Le papier timbré
48%
Duc de Bretagne qui a fait construire son château dans Guingamp Pierre II
42%
Aucun quiz correspondant
Distribution des résultats
% des personnes avec chaque résultat
Percentile par nombre de réponses
Votre historique - résultats
Vous n’avez pas pris ce quiz